[Event "DVM U20 2017"]
[Site "Düsseldorf GER"]
[Date "2017.12.30"]
[Round "7"]
[White "Visvikis, Christos"]
[Black "Machalitza, Marvin"]
[Result "1/2-1/2"]
[Termination "normal"]
[Board "2.6"]
[WhiteElo "1882"]
[BlackElo "1766"]
[WhiteClock "00:42:46"]
[BlackClock "00:07:05"]
[WhiteTeam "OSG Baden-Baden"]
[BlackTeam "Hamburger SK"]
[PlyCount "116"]
[WhiteFideId "12967955"]
[BlackFideId "16255933"]
[EventCountry "GER"]
[EventRounds "7"]
[EventType "team-swiss"]
[EventDate "2017.12.26"]

1. e4 {[%clk 1:30:59]} d5 {[%clk 1:30:50]} 2. exd5 {[%clk 1:31:26]} Qxd5 {[%clk
1:31:11]} 3. Nc3 {[%clk 1:31:53]} Qd6 {[%clk 1:31:40]} 4. d4 {[%clk 1:32:10]}
Nf6 {[%clk 1:32:05]} 5. Nf3 {[%clk 1:32:35]} a6 {[%clk 1:32:10]} 6. Ne5 {[%clk
1:32:47]} Nc6 {[%clk 1:32:05]} 7. Bf4 {[%clk 1:32:00]} Be6 {[%clk 1:24:57]} 8.
Ng6 {[%clk 1:22:32]} Qxd4 {[%clk 1:25:01]} 9. Qxd4 {[%clk 1:22:55]} Nxd4 {[%clk
1:25:01]} 10. O-O-O {[%clk 1:23:19]} hxg6 {[%clk 1:24:10]} 11. Rxd4 {[%clk
1:23:42]} c5 {[%clk 1:14:18]} 12. Rd1 {[%clk 1:24:08]} Bd7 {[%clk 1:12:05]} 13.
Be2 {[%clk 1:21:39]} Bc6 {[%clk 1:11:06]} 14. Rhe1 {[%clk 1:22:04]} b5 {[%clk
1:05:39]} 15. g4 {[%clk 1:20:22]} e6 {[%clk 1:01:25]} 16. g5 {[%clk 1:20:07]}
Nd7 {[%clk 0:59:49]} 17. Bg4 {[%clk 1:19:41]} O-O-O {[%clk 0:51:44]} 18. Ne4
{[%clk 1:13:53]} Bd5 {[%clk 0:44:57]} 19. a4 {[%clk 0:58:43]} Nb6 {[%clk
0:41:58]} 20. axb5 {[%clk 0:58:09]} axb5 {[%clk 0:42:16]} 21. Nc3 {[%clk
0:57:29]} b4 {[%clk 0:41:29]} 22. Nb5 {[%clk 0:56:52]} Kb7 {[%clk 0:38:33]} 23.
Nc7 {[%clk 0:43:56]} Bd6 {[%clk 0:36:22]} 24. Nxd5 {[%clk 0:43:52]} Nxd5 {[%clk
0:36:17]} 25. Bxd6 {[%clk 0:44:07]} Rxd6 {[%clk 0:36:38]} 26. Bf3 {[%clk
0:44:25]} Kc6 {[%clk 0:29:23]} 27. c4 {[%clk 0:44:28]} bxc3 {[%clk 0:29:43]}
28. bxc3 {[%clk 0:44:52]} Kd7 {[%clk 0:29:06]} 29. c4 {[%clk 0:43:06]} Nb6
{[%clk 0:28:59]} 30. Re4 {[%clk 0:42:59]} Rxd1+ {[%clk 0:27:21]} 31. Kxd1
{[%clk 0:43:25]} Rxh2 {[%clk 0:27:18]} 32. Rf4 {[%clk 0:43:54]} Ke7 {[%clk
0:27:18]} 33. Be2 {[%clk 0:44:07]} Rh8 {[%clk 0:26:47]} 34. Bd3 {[%clk
0:44:25]} Rd8 {[%clk 0:26:10]} 35. Ke2 {[%clk 0:44:44]} Rd4 {[%clk 0:23:27]}
36. Rxd4 {[%clk 0:45:07]} cxd4 {[%clk 0:23:56]} 37. c5 {[%clk 0:45:30]} Nd5
{[%clk 0:24:12]} 38. Bc4 {[%clk 0:44:53]} Nb4 {[%clk 0:21:59]} 39. f4 {[%clk
0:44:48]} f6 {[%clk 0:14:37]} 40. Kf3 {[%clk 0:44:17]} Nc6 {[%clk 0:01:10]} 41.
Bb5 {[%clk 0:43:13]} Na7 {[%clk 0:27:00]} 42. Ba4 {[%clk 1:05:51]} e5 {[%clk
0:13:18]} 43. fxe5 {[%clk 0:53:56]} fxg5 {[%clk 0:12:38]} 44. Ke4 {[%clk
0:51:43]} g4 {[%clk 0:12:26]} 45. Kf4 {[%clk 0:51:20]} g3 {[%clk 0:10:36]} 46.
Kxg3 {[%clk 0:51:45]} Ke6 {[%clk 0:11:06]} 47. Kf4 {[%clk 0:51:52]} d3 {[%clk
0:10:41]} 48. c6 {[%clk 0:51:47]} g5+ {[%clk 0:09:40]} 49. Ke4 {[%clk 0:41:12]}
d2 {[%clk 0:09:20]} 50. c7 {[%clk 0:41:08]} g4 {[%clk 0:09:17]} 51. Bd1 {[%clk
0:40:56]} g3 {[%clk 0:09:23]} 52. Bg4+ {[%clk 0:41:19]} Ke7 {[%clk 0:09:24]}
53. Ke3 {[%clk 0:41:40]} d1=Q 54. Bxd1 {[%clk 0:42:02]} Kd7 {[%clk 0:08:24]}
55. Ba4+ {[%clk 0:42:03]} Kxc7 {[%clk 0:08:38]} 56. e6 {[%clk 0:42:17]} Nc8
{[%clk 0:08:04]} 57. Kf3 {[%clk 0:42:33]} Kd6 {[%clk 0:07:05]} 58. Bb3 {[%clk
0:42:46]} Ne7 1/2-1/2

[Event "DVM U20 2017"]
[Site "Düsseldorf GER"]
[Date "2017.12.30"]
[Round "7"]
[White "Hartge, Gedeon"]
[Black "Pluska, Alexander"]
[Result "1/2-1/2"]
[Termination "normal"]
[Board "3.1"]
[WhiteElo "2140"]
[BlackElo "2196"]
[WhiteClock "00:29:29"]
[BlackClock "00:02:55"]
[WhiteTeam "USV Halle"]
[BlackTeam "SK Doppelbauer Kiel"]
[PlyCount "67"]
[WhiteFideId "12932116"]
[BlackFideId "12975141"]
[EventCountry "GER"]
[EventRounds "7"]
[EventType "team-swiss"]
[EventDate "2017.12.26"]

1. d4 {[%clk 1:30:57]} Nf6 {[%clk 1:30:49]} 2. c4 {[%clk 1:31:22]} e6 {[%clk
1:31:15]} 3. Nc3 {[%clk 1:31:46]} Bb4 {[%clk 1:31:08]} 4. e3 {[%clk 1:32:10]}
O-O {[%clk 1:31:13]} 5. Nge2 {[%clk 1:32:34]} d5 {[%clk 1:31:18]} 6. a3 {[%clk
1:32:57]} Be7 {[%clk 1:31:41]} 7. cxd5 {[%clk 1:33:02]} exd5 {[%clk 1:32:00]}
8. Nf4 {[%clk 1:33:27]} c6 {[%clk 1:30:57]} 9. Bd3 {[%clk 1:33:51]} Re8 {[%clk
1:30:22]} 10. O-O {[%clk 1:33:16]} Bd6 {[%clk 1:23:33]} 11. Bc2 {[%clk
1:30:18]} Nbd7 {[%clk 1:22:26]} 12. f3 {[%clk 1:28:19]} Qc7 {[%clk 1:20:15]}
13. g3 {[%clk 1:27:28]} Bxf4 {[%clk 1:15:02]} 14. exf4 {[%clk 1:22:43]} Nb6
{[%clk 1:10:43]} 15. f5 {[%clk 1:15:15]} Nc4 {[%clk 1:11:07]} 16. Qd3 {[%clk
1:11:03]} Nh5 {[%clk 1:00:39]} 17. Ne2 {[%clk 1:00:36]} Qe7 {[%clk 0:17:50]}
18. Nf4 {[%clk 0:57:36]} Nxf4 {[%clk 0:17:33]} 19. Bxf4 {[%clk 0:57:02]} Qf6
{[%clk 0:12:09]} 20. b3 {[%clk 0:53:21]} Nd6 {[%clk 0:06:54]} 21. g4 {[%clk
0:53:50]} g6 {[%clk 0:02:36]} 22. Be5 {[%clk 0:48:00]} Rxe5 {[%clk 0:02:49]}
23. dxe5 {[%clk 0:48:24]} Qxe5 {[%clk 0:03:16]} 24. Rae1 {[%clk 0:44:59]} Qf6
{[%clk 0:03:43]} 25. fxg6 {[%clk 0:44:55]} hxg6 {[%clk 0:04:07]} 26. Qe3 {[%clk
0:39:16]} Be6 {[%clk 0:02:59]} 27. Qe5 {[%clk 0:38:31]} Qxe5 {[%clk 0:03:23]}
28. Rxe5 {[%clk 0:38:58]} Nb5 {[%clk 0:03:28]} 29. Bxg6 {[%clk 0:37:58]} Nxa3
{[%clk 0:02:28]} 30. Bf5 {[%clk 0:31:41]} Bxf5 {[%clk 0:02:49]} 31. gxf5 {[%clk
0:32:07]} Kg7 {[%clk 0:02:42]} 32. Re7 {[%clk 0:31:17]} b6 {[%clk 0:03:07]} 33.
Rd7 {[%clk 0:29:29]} Nb5 {[%clk 0:02:55]} 34. Kf2 1/2-1/2

[Event "DVM U20 2017"]
[Site "Düsseldorf GER"]
[Date "2017.12.30"]
[Round "7"]
[White "Beeck, Mats"]
[Black "Gröbel, Aaron"]
[Result "1/2-1/2"]
[Termination "normal"]
[Board "3.2"]
[WhiteElo "2106"]
[BlackElo "2103"]
[WhiteClock "00:31:38"]
[BlackClock "00:23:42"]
[WhiteTeam "SK Doppelbauer Kiel"]
[BlackTeam "USV Halle"]
[PlyCount "66"]
[WhiteFideId "12936944"]
[BlackFideId "12914851"]
[EventCountry "GER"]
[EventRounds "7"]
[EventType "team-swiss"]
[EventDate "2017.12.26"]

1. Nf3 {[%clk 1:30:54]} Nf6 {[%clk 1:30:52]} 2. c4 {[%clk 1:31:18]} g6 {[%clk
1:30:26]} 3. Nc3 {[%clk 1:31:30]} Bg7 {[%clk 1:30:43]} 4. d4 {[%clk 1:31:53]}
d6 {[%clk 1:30:41]} 5. e4 {[%clk 1:32:14]} O-O {[%clk 1:30:56]} 6. Be2 {[%clk
1:32:39]} c5 {[%clk 1:27:24]} 7. O-O {[%clk 1:32:10]} cxd4 {[%clk 1:27:33]} 8.
Nxd4 {[%clk 1:32:34]} Nc6 {[%clk 1:27:04]} 9. Be3 {[%clk 1:32:55]} Bd7 {[%clk
1:23:40]} 10. Qd2 {[%clk 1:30:10]} Ng4 {[%clk 1:12:44]} 11. Bxg4 {[%clk
1:30:08]} Bxg4 {[%clk 1:13:12]} 12. Rac1 {[%clk 1:28:30]} a6 {[%clk 1:11:23]}
13. f3 {[%clk 1:28:32]} Bd7 {[%clk 1:10:13]} 14. Rfd1 {[%clk 1:24:29]} Rb8
{[%clk 1:07:45]} 15. Nxc6 {[%clk 1:05:44]} Bxc6 {[%clk 1:06:15]} 16. Bd4 {[%clk
1:05:42]} Bxd4+ {[%clk 1:02:20]} 17. Qxd4 {[%clk 1:05:57]} Qa5 {[%clk 1:01:24]}
18. a3 {[%clk 1:04:55]} Rfc8 {[%clk 0:56:18]} 19. Nd5 {[%clk 1:00:43]} Bxd5 20.
cxd5 {[%clk 1:00:14]} Qb5 {[%clk 0:47:17]} 21. Rc3 {[%clk 0:53:58]} Rxc3 {[%clk
0:43:09]} 22. Qxc3 {[%clk 0:54:26]} Qc5+ {[%clk 0:42:28]} 23. Qxc5 {[%clk
0:54:48]} dxc5 {[%clk 0:42:57]} 24. Kf2 {[%clk 0:52:59]} Kf8 {[%clk 0:37:27]}
25. Ke3 {[%clk 0:48:50]} Ke8 {[%clk 0:37:49]} 26. e5 {[%clk 0:47:32]} Kd7
{[%clk 0:36:44]} 27. Ke4 {[%clk 0:46:11]} f6 {[%clk 0:32:51]} 28. f4 {[%clk
0:44:14]} Rf8 {[%clk 0:28:22]} 29. d6 {[%clk 0:35:55]} fxe5 {[%clk 0:26:00]}
30. fxe5 {[%clk 0:32:59]} Rf2 {[%clk 0:25:14]} 31. e6+ {[%clk 0:32:29]} Kd8
{[%clk 0:24:24]} 32. d7 {[%clk 0:31:51]} Rf6 {[%clk 0:23:16]} 33. Ke5 {[%clk
0:31:38]} Rf5+ {[%clk 0:23:42]} 1/2-1/2

[Event "DVM U20 2017"]
[Site "Düsseldorf GER"]
[Date "2017.12.30"]
[Round "7"]
[White "Schulte, Felix"]
[Black "Wanner, Lukas"]
[Result "1/2-1/2"]
[Termination "normal"]
[Board "3.3"]
[WhiteElo "1982"]
[BlackElo "2024"]
[WhiteClock "00:25:25"]
[BlackClock "00:27:55"]
[WhiteTeam "USV Halle"]
[BlackTeam "SK Doppelbauer Kiel"]
[PlyCount "100"]
[WhiteFideId "12914800"]
[BlackFideId "12918148"]
[EventCountry "GER"]
[EventRounds "7"]
[EventType "team-swiss"]
[EventDate "2017.12.26"]

1. d4 {[%clk 1:30:59]} Nf6 {[%clk 1:30:52]} 2. c4 {[%clk 1:31:23]} g6 {[%clk
1:31:17]} 3. f3 {[%clk 1:31:49]} Bg7 {[%clk 1:31:05]} 4. e4 {[%clk 1:32:12]} d6
{[%clk 1:31:29]} 5. Nc3 {[%clk 1:32:32]} O-O {[%clk 1:31:07]} 6. Nge2 {[%clk
1:32:58]} c5 {[%clk 1:31:12]} 7. d5 {[%clk 1:33:18]} e6 {[%clk 1:29:26]} 8. Ng3
{[%clk 1:29:40]} exd5 {[%clk 1:29:31]} 9. cxd5 {[%clk 1:30:01]} a6 {[%clk
1:27:51]} 10. a4 {[%clk 1:30:21]} h5 {[%clk 1:26:34]} 11. Bg5 {[%clk 1:28:45]}
Qc7 {[%clk 1:26:16]} 12. Be2 {[%clk 1:20:41]} Nfd7 {[%clk 1:23:06]} 13. O-O
{[%clk 1:04:01]} Ne5 {[%clk 1:23:02]} 14. Qc2 {[%clk 1:03:13]} f6 {[%clk
1:14:34]} 15. Bd2 {[%clk 1:02:10]} h4 {[%clk 1:12:43]} 16. Nh1 {[%clk 1:02:33]}
f5 {[%clk 1:12:23]} 17. Nf2 {[%clk 0:47:14]} f4 {[%clk 1:08:12]} 18. h3 {[%clk
0:43:51]} g5 {[%clk 1:03:51]} 19. Rfc1 {[%clk 0:43:32]} b6 {[%clk 1:01:35]} 20.
Rab1 {[%clk 0:42:03]} Nbd7 {[%clk 0:50:19]} 21. b3 {[%clk 0:38:26]} Nf6 {[%clk
0:47:55]} 22. Nd3 {[%clk 0:35:02]} Nxd3 {[%clk 0:47:11]} 23. Qxd3 {[%clk
0:34:53]} Nd7 {[%clk 0:46:26]} 24. Nd1 {[%clk 0:31:12]} Ne5 {[%clk 0:46:05]}
25. Qc2 {[%clk 0:31:22]} Bd7 {[%clk 0:45:53]} 26. Nf2 {[%clk 0:27:18]} b5
{[%clk 0:44:50]} 27. Nd3 {[%clk 0:27:05]} Nxd3 {[%clk 0:34:28]} 28. Bxd3 {[%clk
0:27:11]} Bd4+ {[%clk 0:34:00]} 29. Kh1 {[%clk 0:27:25]} Qd8 {[%clk 0:34:09]}
30. Bc3 {[%clk 0:14:32]} Qf6 {[%clk 0:32:58]} 31. Qb2 {[%clk 0:12:30]} Bxc3
{[%clk 0:32:19]} 32. Qxc3 {[%clk 0:12:39]} Qxc3 {[%clk 0:32:18]} 33. Rxc3
{[%clk 0:13:08]} Rfe8 {[%clk 0:30:02]} 34. Kg1 {[%clk 0:11:49]} Kf7 {[%clk
0:29:41]} 35. Kf2 {[%clk 0:08:00]} Kf6 {[%clk 0:29:39]} 36. Ke2 {[%clk
0:07:58]} Ke5 {[%clk 0:29:42]} 37. a5 {[%clk 0:03:41]} Rec8 {[%clk 0:27:07]}
38. Rbc1 {[%clk 0:03:52]} Ra7 {[%clk 0:24:53]} 39. b4 {[%clk 0:02:05]} Rac7
{[%clk 0:24:14]} 40. Kd2 {[%clk 0:02:27]} Kd4 {[%clk 0:23:44]} 41. Bb1 {[%clk
0:01:56]} Be8 {[%clk 0:02:53]} 42. Rd3+ {[%clk 0:00:53]} Ke5 {[%clk 0:03:17]}
43. Rdc3 {[%clk 0:01:21]} c4 {[%clk 0:02:46]} 44. Bc2 {[%clk 0:01:17]} Bf7
{[%clk 0:02:22]} 45. Rd1 {[%clk 0:00:53]} Re7 {[%clk 0:02:11]} 46. Kc1 {[%clk
0:30:04]} Rce8 {[%clk 0:32:09]} 47. Kb2 {[%clk 0:28:42]} Bg6 {[%clk 0:31:35]}
48. Kc1 {[%clk 0:28:35]} Rf7 {[%clk 0:30:49]} 49. Kb2 {[%clk 0:26:49]} Ref8
{[%clk 0:27:55]} 50. Bb1 {[%clk 0:25:25]} Rh7 1/2-1/2

[Event "DVM U20 2017"]
[Site "Düsseldorf GER"]
[Date "2017.12.30"]
[Round "7"]
[White "Rieper, Julian"]
[Black "Altstadt, Karl-Simon"]
[Result "1/2-1/2"]
[Termination "normal"]
[Board "3.4"]
[WhiteElo "2050"]
[BlackElo "2004"]
[WhiteClock "00:07:46"]
[BlackClock "00:15:00"]
[WhiteTeam "SK Doppelbauer Kiel"]
[BlackTeam "USV Halle"]
[PlyCount "56"]
[WhiteFideId "12936960"]
[BlackFideId "24696676"]
[EventCountry "GER"]
[EventRounds "7"]
[EventType "team-swiss"]
[EventDate "2017.12.26"]

1. e4 {[%clk 1:30:56]} c5 {[%clk 1:30:56]} 2. c3 {[%clk 1:25:54]} g6 {[%clk
1:30:54]} 3. d4 {[%clk 1:25:21]} cxd4 {[%clk 1:31:19]} 4. cxd4 {[%clk 1:25:31]}
d5 {[%clk 1:31:44]} 5. exd5 {[%clk 1:25:27]} Nf6 {[%clk 1:31:05]} 6. Nc3 {[%clk
1:25:35]} Nxd5 {[%clk 1:24:20]} 7. Nf3 {[%clk 1:25:27]} Bg7 {[%clk 1:22:34]} 8.
Qb3 {[%clk 1:23:00]} Nxc3 {[%clk 1:19:55]} 9. bxc3 {[%clk 1:23:16]} O-O {[%clk
1:20:12]} 10. Be2 {[%clk 1:21:29]} Nd7 {[%clk 1:16:49]} 11. Bg5 {[%clk
1:19:47]} Nf6 {[%clk 1:15:29]} 12. O-O {[%clk 1:19:14]} Qc7 {[%clk 1:13:39]}
13. Rac1 {[%clk 1:14:35]} Bg4 {[%clk 1:09:18]} 14. h3 {[%clk 1:13:29]} Bf5
{[%clk 1:09:06]} 15. Rfe1 {[%clk 1:12:59]} Ne4 {[%clk 0:57:55]} 16. Be3 {[%clk
1:06:22]} Rac8 {[%clk 0:55:27]} 17. c4 {[%clk 1:04:34]} Rfd8 {[%clk 0:53:07]}
18. Red1 {[%clk 1:01:37]} b6 {[%clk 0:49:26]} 19. a4 {[%clk 0:56:18]} e5 {[%clk
0:42:57]} 20. dxe5 {[%clk 0:49:27]} Bxe5 {[%clk 0:42:50]} 21. Rxd8+ {[%clk
0:38:37]} Rxd8 {[%clk 0:43:14]} 22. Nxe5 {[%clk 0:38:33]} Qxe5 {[%clk 0:43:41]}
23. Qa3 {[%clk 0:38:23]} Nc5 {[%clk 0:25:01]} 24. a5 {[%clk 0:35:05]} Rd6
{[%clk 0:17:13]} 25. axb6 {[%clk 0:24:57]} axb6 {[%clk 0:17:35]} 26. Qa8+
{[%clk 0:23:49]} Kg7 {[%clk 0:18:03]} 27. g4 {[%clk 0:13:36]} Be4 {[%clk
0:15:00]} 28. Qa1 {[%clk 0:07:46]} Qxa1 1/2-1/2

[Event "DVM U20 2017"]
[Site "Düsseldorf GER"]
[Date "2017.12.30"]
[Round "7"]
[White "Perekhozhuk, Maksym"]
[Black "Arndt, Magnus"]
[Result "0-1"]
[Termination "normal"]
[Board "3.5"]
[WhiteElo "1942"]
[BlackElo "2062"]
[WhiteClock "00:00:57"]
[BlackClock "00:05:44"]
[WhiteTeam "USV Halle"]
[BlackTeam "SK Doppelbauer Kiel"]
[PlyCount "100"]
[WhiteFideId "12914860"]
[BlackFideId "12998656"]
[EventCountry "GER"]
[EventRounds "7"]
[EventType "team-swiss"]
[EventDate "2017.12.26"]

1. e4 {[%clk 1:30:58]} e5 {[%clk 1:30:58]} 2. Nf3 {[%clk 1:31:24]} Nc6 {[%clk
1:31:24]} 3. Bc4 {[%clk 1:31:50]} Nf6 {[%clk 1:31:50]} 4. Ng5 {[%clk 1:32:11]}
d5 {[%clk 1:32:17]} 5. exd5 {[%clk 1:32:37]} Na5 {[%clk 1:32:44]} 6. Bb5+
{[%clk 1:32:56]} c6 {[%clk 1:33:11]} 7. dxc6 {[%clk 1:33:16]} bxc6 {[%clk
1:33:40]} 8. Bd3 {[%clk 1:33:26]} Nd5 {[%clk 1:34:05]} 9. Nf3 {[%clk 1:33:30]}
Bd6 {[%clk 1:34:30]} 10. O-O {[%clk 1:32:58]} Nf4 {[%clk 1:34:56]} 11. Nc3
{[%clk 1:32:18]} Nxd3 {[%clk 1:34:42]} 12. cxd3 {[%clk 1:32:43]} O-O {[%clk
1:30:20]} 13. Re1 {[%clk 1:31:42]} Re8 {[%clk 1:30:06]} 14. Ne4 {[%clk
1:29:52]} c5 {[%clk 1:29:23]} 15. b3 {[%clk 1:28:15]} Bf8 {[%clk 1:29:12]} 16.
Ba3 {[%clk 1:20:53]} Nc6 {[%clk 1:28:12]} 17. Ng3 {[%clk 1:03:27]} Qd5 {[%clk
1:06:41]} 18. h3 {[%clk 0:57:15]} Bb7 {[%clk 0:58:11]} 19. Bb2 {[%clk 0:32:52]}
f6 {[%clk 0:48:54]} 20. Bc3 {[%clk 0:27:19]} a5 {[%clk 0:27:48]} 21. Nh4 {[%clk
0:19:32]} g6 {[%clk 0:16:29]} 22. Qg4 {[%clk 0:16:56]} Bg7 {[%clk 0:15:57]} 23.
Qc4 {[%clk 0:11:57]} Nb4 {[%clk 0:10:37]} 24. Bxb4 {[%clk 0:09:36]} axb4 {[%clk
0:10:58]} 25. Ne4 {[%clk 0:09:15]} Qxc4 {[%clk 0:09:44]} 26. dxc4 {[%clk
0:08:30]} Bxe4 {[%clk 0:09:41]} 27. Rxe4 {[%clk 0:08:54]} f5 {[%clk 0:09:55]}
28. Re2 {[%clk 0:08:23]} e4 {[%clk 0:06:50]} 29. Rae1 {[%clk 0:07:38]} Red8
{[%clk 0:04:08]} 30. f3 {[%clk 0:05:06]} Bf6 {[%clk 0:04:12]} 31. g3 {[%clk
0:04:42]} Rd3 {[%clk 0:00:54]} 32. fxe4 {[%clk 0:03:35]} Rxg3+ {[%clk 0:01:03]}
33. Ng2 {[%clk 0:03:50]} fxe4 {[%clk 0:00:56]} 34. Kh2 {[%clk 0:02:04]} Rd3
{[%clk 0:01:07]} 35. Nf4 {[%clk 0:01:55]} Be5 {[%clk 0:00:59]} 36. Rxe4 {[%clk
0:01:53]} Rxd2+ {[%clk 0:01:25]} 37. Kg3 {[%clk 0:02:12]} Bd4 {[%clk 0:01:00]}
38. Re8+ {[%clk 0:01:46]} Rxe8 {[%clk 0:01:27]} 39. Rxe8+ {[%clk 0:02:13]} Kf7
{[%clk 0:01:54]} 40. Ra8 {[%clk 0:02:35]} Kf6 {[%clk 0:01:03]} 41. Nd5+ {[%clk
0:00:45]} Kf5 {[%clk 0:20:08]} 42. Kf3 {[%clk 0:11:52]} Rd3+ {[%clk 0:18:16]}
43. Kg2 {[%clk 0:12:05]} Be5 {[%clk 0:16:14]} 44. Ra5 {[%clk 0:06:10]} Rg3+
{[%clk 0:13:36]} 45. Kf1 {[%clk 0:06:21]} Bd4 {[%clk 0:04:24]} 46. Nxb4 {[%clk
0:03:40]} Ke4 {[%clk 0:04:48]} 47. Nc2 {[%clk 0:01:38]} Rxh3 {[%clk 0:05:13]}
48. Kg2 {[%clk 0:00:45]} Rc3 {[%clk 0:05:23]} 49. Ne1 {[%clk 0:00:49]} Re3
{[%clk 0:05:21]} 50. Kf1 {[%clk 0:00:57]} Rxe1+ {[%clk 0:05:44]} 0-1

[Event "DVM U20 2017"]
[Site "Düsseldorf GER"]
[Date "2017.12.30"]
[Round "7"]
[White "Petersen, Finn Christopher"]
[Black "Kretzschmar, Arnd"]
[Result "0-1"]
[Termination "normal"]
[Board "3.6"]
[WhiteElo "1812"]
[BlackElo "1986"]
[WhiteClock "00:00:36"]
[BlackClock "00:02:21"]
[WhiteTeam "SK Doppelbauer Kiel"]
[BlackTeam "USV Halle"]
[PlyCount "80"]
[WhiteFideId "12964840"]
[BlackFideId "12914835"]
[EventCountry "GER"]
[EventRounds "7"]
[EventType "team-swiss"]
[EventDate "2017.12.26"]

1. e4 {[%clk 1:30:57]} c5 {[%clk 1:30:56]} 2. Nf3 {[%clk 1:31:25]} d6 {[%clk
1:31:21]} 3. d4 {[%clk 1:31:51]} cxd4 {[%clk 1:31:48]} 4. Nxd4 {[%clk 1:32:18]}
Nf6 {[%clk 1:32:12]} 5. Nc3 {[%clk 1:32:44]} g6 {[%clk 1:32:23]} 6. Be2 {[%clk
1:24:14]} Bg7 {[%clk 1:32:43]} 7. Be3 {[%clk 1:24:10]} O-O {[%clk 1:33:03]} 8.
f3 {[%clk 1:20:17]} Nc6 {[%clk 1:33:17]} 9. Nxc6 {[%clk 1:16:11]} bxc6 {[%clk
1:33:40]} 10. Qd2 {[%clk 1:07:21]} Be6 {[%clk 1:32:17]} 11. O-O {[%clk
1:01:32]} Nd7 {[%clk 1:27:46]} 12. Rac1 {[%clk 0:47:12]} Qc7 {[%clk 0:59:13]}
13. b3 {[%clk 0:43:38]} Rfc8 {[%clk 0:50:13]} 14. Nd1 {[%clk 0:37:36]} c5
{[%clk 0:46:38]} 15. c4 {[%clk 0:36:08]} a5 {[%clk 0:46:10]} 16. Nc3 {[%clk
0:34:32]} a4 {[%clk 0:25:14]} 17. f4 {[%clk 0:24:24]} Nb6 {[%clk 0:20:37]} 18.
Nb5 {[%clk 0:21:28]} Qd8 {[%clk 0:16:56]} 19. f5 {[%clk 0:13:24]} Bd7 {[%clk
0:16:48]} 20. Bh6 {[%clk 0:09:59]} Bh8 {[%clk 0:17:05]} 21. Qf4 {[%clk
0:08:25]} Qe8 {[%clk 0:15:04]} 22. Bh5 {[%clk 0:06:14]} Bxb5 23. cxb5 {[%clk
0:05:54]} Nd7 {[%clk 0:13:14]} 24. Bg4 {[%clk 0:04:38]} Rc7 {[%clk 0:11:53]}
25. h4 {[%clk 0:03:57]} Ne5 {[%clk 0:10:01]} 26. Rcd1 {[%clk 0:02:34]} axb3
{[%clk 0:09:47]} 27. axb3 {[%clk 0:02:30]} Rb7 {[%clk 0:07:33]} 28. h5 {[%clk
0:02:44]} Rxb5 {[%clk 0:06:32]} 29. fxg6 {[%clk 0:03:13]} hxg6 {[%clk 0:06:39]}
30. hxg6 {[%clk 0:03:16]} Nxg6 {[%clk 0:07:02]} 31. Qg3 {[%clk 0:02:23]} Rab8
{[%clk 0:06:12]} 32. Be6 {[%clk 0:02:38]} fxe6 {[%clk 0:04:16]} 33. Rf8+ {[%clk
0:02:45]} Qxf8 {[%clk 0:04:31]} 34. Bxf8 {[%clk 0:03:10]} Kxf8 {[%clk 0:04:58]}
35. Qxg6 {[%clk 0:03:30]} Bf6 {[%clk 0:03:58]} 36. g4 {[%clk 0:01:56]} Rxb3
{[%clk 0:03:58]} 37. g5 {[%clk 0:00:42]} Rg3+ {[%clk 0:03:31]} 38. Kh2 {[%clk
0:00:38]} Rxg5 {[%clk 0:02:48]} 39. Qh6+ {[%clk 0:00:33]} Ke8 {[%clk 0:02:21]}
40. Rd2 {[%clk 0:00:36]} Kd7 0-1

[Event "DVM U20 2017"]
[Site "Düsseldorf GER"]
[Date "2017.12.30"]
[Round "7"]
[White "Ruff, Maximilian"]
[Black "Degenhard, Simon"]
[Result "0-1"]
[Termination "normal"]
[Board "4.1"]
[WhiteTitle "FM"]
[WhiteElo "2280"]
[BlackElo "2183"]
[WhiteTeam "SF Sasbach"]
[BlackTeam "Heilbronner SV"]
[PlyCount "134"]
[WhiteFideId "1271670"]
[BlackFideId "12944017"]
[EventCountry "GER"]
[EventRounds "7"]
[EventType "team-swiss"]
[EventDate "2017.12.26"]

1. e4 c5 2. Nf3 g6 3. d4 cxd4 4. Nxd4 Bg7 5. c4 Nc6 6. Nc2 Nf6 7. Nc3 d6 8. Be2
O-O 9. Be3 Nd7 10. Qd2 Qa5 11. O-O Bxc3 12. bxc3 Nc5 13. f3 Be6 14. Nb4 Rac8
15. Nd5 Rfe8 16. Rab1 Ne5 17. Bd4 b6 18. Rb5 Qa4 19. Rb4 Qa3 20. Rb5 Qa4 21.
Rfb1 Na6 22. Qh6 f6 23. R5b2 Nc5 24. Kh1 Ncd7 25. f4 Nxc4 26. Bxc4 Qxc4 27. f5
Bf7 28. fxg6 Bxg6 29. Nf4 Qf7 30. Nh3 Bxe4 31. Rf1 Qg7 32. Qe3 d5 33. Qe1 e5
34. Be3 Nc5 35. Qh4 Nd3 36. Bh6 Qe7 37. Rxf6 Nxb2 38. Rf8+ Qxf8 39. Bxf8 Rxf8
40. Qg3+ Bg6 41. Qxe5 Rf1+ 42. Ng1 Re8 43. Qxd5+ Bf7 44. Qg5+ Kh8 45. h3 Ree1
46. Qd8+ Be8 47. Qd4+ Kg8 48. Qd5+ Kg7 49. Qd4+ Kf7 50. Qd5+ Kf6 51. Qd6+ Kf7
52. Qd5+ Ke7 53. Qg5+ Ke6 54. Qg4+ Kd5 55. Qd4+ Kc6 56. Kh2 Rxg1 57. c4 Kb7 58.
Qg7+ Ka6 59. Qxb2 Bc6 60. Qa3+ Kb7 61. Kg3 Rxg2+ 62. Kf4 Rf2+ 63. Kg5 Rg1+ 64.
Kh5 Rf5+ 65. Kh6 Rf6+ 66. Kxh7 Be4+ 67. Kh8 Rh6# 0-1

[Event "DVM U20 2017"]
[Site "Düsseldorf GER"]
[Date "2017.12.30"]
[Round "7"]
[White "Mikeler, Marcel"]
[Black "Ehmann, Thilo"]
[Result "0-1"]
[Termination "normal"]
[Board "4.2"]
[BlackTitle "FM"]
[WhiteElo "1863"]
[BlackElo "2291"]
[WhiteTeam "Heilbronner SV"]
[BlackTeam "SF Sasbach"]
[PlyCount "72"]
[WhiteFideId "12927856"]
[BlackFideId "12940968"]
[EventCountry "GER"]
[EventRounds "7"]
[EventType "team-swiss"]
[EventDate "2017.12.26"]

1. d4 d5 2. c4 e6 3. cxd5 exd5 4. Nc3 Nf6 5. Bg5 Be7 6. e3 O-O 7. Bd3 h6 8. Bh4
c6 9. Qc2 a5 10. Nge2 Na6 11. a3 Nc7 12. O-O Ne6 13. f3 Nh5 14. Bf2 g6 15. Rad1
Bd6 16. f4 Neg7 17. Qd2 f5 18. g4 Nf6 19. gxf5 Nxf5 20. e4 dxe4 21. Nxe4 Ng4
22. Bc4+ Kh7 23. Qc3 Re8 24. Qf3 Nh4 25. Bxh4 Qxh4 26. h3 Rxe4 27. Qxe4 Qxh3
28. Qg2 Qxg2+ 29. Kxg2 Ne3+ 30. Kf3 Nxc4 31. d5 Bd7 32. dxc6 Bxc6+ 33. Kf2 Bc5+
34. Kg3 Ne3 35. Rfe1 Nxd1 36. Rxd1 Re8 0-1

[Event "DVM U20 2017"]
[Site "Düsseldorf GER"]
[Date "2017.12.30"]
[Round "7"]
[White "Riehle, Marco"]
[Black "Lahouel, Kim-Luca"]
[Result "1-0"]
[Termination "normal"]
[Board "4.3"]
[WhiteTitle "FM"]
[WhiteElo "2280"]
[BlackElo "1718"]
[WhiteTeam "SF Sasbach"]
[BlackTeam "Heilbronner SV"]
[PlyCount "85"]
[WhiteFideId "12904392"]
[BlackFideId "12979503"]
[EventCountry "GER"]
[EventRounds "7"]
[EventType "team-swiss"]
[EventDate "2017.12.26"]

1. e4 c5 2. a3 d6 3. b4 cxb4 4. axb4 Nf6 5. Nc3 g6 6. d4 Bg7 7. f4 O-O 8. Nf3
Qc7 9. Ra3 Nc6 10. b5 Na5 11. e5 dxe5 12. fxe5 Nh5 13. Nd5 Qd8 14. Nxe7+ Qxe7
15. Rxa5 Rd8 16. c3 Bg4 17. Be2 Bxf3 18. Bxf3 Bxe5 19. O-O Bxh2+ 20. Kxh2 Qc7+
21. Kg1 Qxa5 22. Bxh5 Qxc3 23. Bf3 Rxd4 24. Qe2 Qc7 25. Qf2 Rad8 26. Bg5 R8d7
27. Qe3 Qb8 28. Rc1 Rd3 29. Qe2 R3d4 30. Bf6 Rd2 31. Qe3 Qf8 32. Bg4 Rd8 33.
Rc4 h5 34. Bxh5 R2d3 35. Qf4 Qd6 36. Bxd8 Qxd8 37. Bg4 Qb6+ 38. Kh2 Qxb5 39.
Be2 Rd8 40. Rc7 Qd5 41. Rxf7 Rc8 42. Re7 b5 43. Qf6 1-0